Loading...
| History - European | 0 | 5 | 0 | 0 | 50 | 28 | 58.20 | 0 | 1 | 20.86 | 15.89 |
| Mythology | 0 | 5 | 0 | 0 | 50 | 12 | 68.20 | 1 | 1 | 17.10 | 22.22 |
| Literature - European | 0 | 4 | 0 | 0 | 40 | 42 | 62.50 | 1 | 2 | 16.74 | 26.52 |
| Religion | 0 | 4 | 1 | 0 | 35 | 63 | 85.75 | 0 | 0 | 7.76 | 15.75 |
| Fine Arts - Classical Music | 0 | 4 | 2 | 1 | 30 | 66 | 87.00 | 0 | 1 | 9.85 | 31.57 |
| Literature - British | 0 | 3 | 0 | 1 | 30 | 89 | 95.33 | 0 | 0 | 5.15 | 10.61 |
| Geography | 0 | 2 | 0 | 1 | 20 | 101 | 106.50 | 0 | 0 | 0.13 | 10.71 |
| Literature - American | 0 | 2 | 0 | 0 | 20 | 72 | 73.00 | 0 | 1 | 6.48 | 14.39 |
| History - American | 0 | 2 | 0 | 0 | 20 | 75 | 75.50 | 0 | 0 | 5.28 | 11.36 |
| Philosophy | 0 | 1 | 0 | 0 | 10 | 101 | 101.00 | 0 | 0 | 0.81 | 6.25 |
| Fine Arts - Other | 0 | 1 | 0 | 0 | 10 | 107 | 107.00 | 0 | 0 | 1.37 | 6.06 |
| Science - Other | 0 | 1 | 0 | 0 | 10 | 24 | 24.00 | 0 | 1 | 6.86 | 8.08 |
| Science - Physics | 0 | 1 | 0 | 1 | 10 | 100 | 100.00 | 0 | 0 | 0.67 | 6.06 |
| Fine Arts - Painting and Sculpture | 0 | 1 | 1 | 0 | 5 | 65 | 65.00 | 0 | 1 | 4.21 | 5.30 |
| History - Other | 0 | 1 | 1 | 0 | 5 | 93 | 93.00 | 0 | 0 | 1.86 | 2.48 |
| Social Science | 0 | 0 | 0 | 0 | 0 | 0.00 | 0 | 0 | 0.00 | 0.00 | |
| Science - Biology | 0 | 1 | 2 | 0 | 0 | 93 | 93.00 | 0 | 0 | 0.46 | 2.02 |
| Science - Chemistry | 0 | 0 | 1 | 0 | -5 | 0.00 | 0 | 0 | 0.00 | 0.00 | |
| Literature - World | 0 | 0 | 1 | 0 | -5 | 0.00 | 0 | 0 | 0.00 | 0.00 |